Thinking Fast and Slow (Record no. 11845)

MARC details
000 -LEADER
fixed length control field 00318nam a22001337a 4500
008 - FIXED-LENGTH DATA ELEMENTS--GENERAL INFORMATION
fixed length control field 211025b ||||| |||| 00| 0 eng d
020 ## - INTERNATIONAL STANDARD BOOK NUMBER
International Standard Book Number 9780141033570
050 ## - LIBRARY OF CONGRESS CALL NUMBER
Classification number 153.42
Item number 1
100 ## - MAIN ENTRY--PERSONAL NAME
Personal name Kahneman Daniel
9 (RLIN) 7514
245 ## - TITLE STATEMENT
Title Thinking Fast and Slow
260 ## - PUBLICATION, DISTRIBUTION, ETC. (IMPRINT)
Place of publication, distribution, etc. USA
Name of publisher, distributor, etc. Penguin
Date of publication, distribution, etc. 2012
300 ## - PHYSICAL DESCRIPTION
Extent 1
942 ## - ADDED ENTRY ELEMENTS (KOHA)
Source of classification or shelving scheme Dewey Decimal Classification
Koha item type BOOK
Holdings
Withdrawn status Lost status Source of classification or shelving scheme Materials specified (bound volume or other part) Damaged status Not for loan Collection code Home library Current library Shelving location Date acquired Inventory number Total Checkouts Full call number Barcode Date last seen Price effective from Koha item type Public note
    Dewey Decimal Classification 2021-10-13     Non-fiction Good Samaritan School Library Good Samaritan School Library PSYCHOLOGY 10/25/2021 2021-10-13   153.42 KAH17064 10/25/2021 10/25/2021 BOOK 2021-10-13

Powered by Koha